000 00717nam a2200289Ia 4500
005 20260324124908.0
008 008 260324s9999 xx 000 0 eng d
020 _a9780203877715
037 _aEBOOK
040 _aCRL
040 _beng
040 _cCRL
041 _2eng
041 _aeng
084 _qCRL
100 _aWayne Martino; Michael D. Kehler; Marcus B. Weaver-Hightower
_91175906
245 4 _aThe Problem with Boys' Education
245 0 _bBeyond the Backlash
260 _bTaylor and Francis
260 _c2009
365 _a
365 _b145
856 _uhttp://www.taylorfrancis.com/books/9780203877715
942 _cEBOOK
999 _c1770698
_d1770698